Top scorer from every current premier league club - Statistics

General Stats
  • This quiz has been taken 24 times
  • The average score is 13 of 20
Answer Stats
Club Player % Correct
Liverpool (111) Mohamed Salah
95%
Man City (256) Sergio Aguero
95%
Tottenham (205) Harry Kane
91%
Man United (81) Marcus Rashford
91%
Arsenal (76) Pierre-Emerick Aubameyang
91%
Aston Villa (13) Jack Grealish
86%
Leicester (143) Jamie Vardy
86%
Leeds (36) Patrick Bamford
82%
Wolves (47) Raul Jimenez
77%
Crystal Palace (65) Wilfred Zaha
77%
Everton (46) Dominic Calvert-Lewin
73%
Fulham (52) Aleksandar Mitrovic
64%
Southampton (40) Danny Ings
64%
Chelsea (37) Olivier Giroud
55%
West Ham (60) Mark Noble
45%
Sheffield United (108) Billy Sharp
41%
Burnley (52) Jay Rodriguez
23%
Newcastle (34) Dwight Gayle
14%
West Brom (22) Hal Robson-Kanu
14%
Brighton (21) Lewis Dunk
14%
No matching quizzes found
Score Distribution
Percent of People with Each Score
Percentile by Number Answered
Your Score History
You have not taken this quiz